Построение фациальной модели с целью повышения эффективности разработки залежи нефти пласта ЮК2 Тюменской свиты Ем-Ёговского месторождения: автореферат диссертации на соискание ученой степени кандидата геолого-минералогических наук; спец. 25.00.16

Dettagli Bibliografici
Autore principale: Кудряшова Л. К. Лидия Константиновна
Ente Autore: Национальный исследовательский Томский политехнический университет (ТПУ)
Altri autori: Белозёров В. Б. Владимир Борисович (научный руководитель)
Riassunto:Защита сост. 31.03.2016 г.
Lingua:russo
Pubblicazione: Томск, [Б. и.], 2016
Soggetti:
Natura: MixedMaterials Libro
KOHA link:https://koha.lib.tpu.ru/cgi-bin/koha/opac-detail.pl?biblionumber=317188

MARC

LEADER 00000nam0a2200000 4500
001 317188
005 20240122134600.0
035 |a (RuTPU)RU\TPU\book\342656 
090 |a 317188 
100 |a 20160405d2016 k y0rusy50 ca 
101 0 |a rus 
102 |a RU 
105 |a a dm 001zy 
200 1 |a Построение фациальной модели с целью повышения эффективности разработки залежи нефти пласта ЮК2 Тюменской свиты Ем-Ёговского месторождения  |e автореферат диссертации на соискание ученой степени кандидата геолого-минералогических наук  |e спец. 25.00.16  |f Л. К. Кудряшова  |g Национальный исследовательский Томский политехнический университет (ТПУ) ; науч. рук. В. Б. Белозёров 
210 |a Томск  |c [Б. и.]  |d 2016 
215 |a 21 с.  |c ил. 
300 |a Защита сост. 31.03.2016 г. 
320 |a Библиогр.: с. 20-21 (10 назв.). 
606 1 |a Нефтяные месторождения  |x Литолого-фациальный анализ  |2 stltpush  |3 (RuTPU)RU\TPU\subj\75345  |9 87190 
610 1 |a Западная Сибирь 
610 1 |a Красноленинское месторождение 
610 1 |a геологическая характеристика 
610 1 |a фациальная обстановка 
610 1 |a гранулометрический анализ 
610 1 |a электрометрические модели 
610 1 |a авторефераты диссертаций 
610 1 |a труды учёных ТПУ 
675 |a 552.578.2(04)  |v 4 
686 |a 25.0016  |2 oksvnk 
700 1 |a Кудряшова  |b Л. К.  |c геолог  |c доцент Томского политехнического университета, кандидат геолого-минералогических наук  |f 1990-  |g Лидия Константиновна  |3 (RuTPU)RU\TPU\pers\31840  |9 15934 
702 1 |a Белозёров  |b В. Б.  |c геолог  |c профессор Томского политехнического университета, доктор геолого-минералогических наук  |f 1951-  |g Владимир Борисович  |3 (RuTPU)RU\TPU\pers\28758  |4 727 
712 0 2 |a Национальный исследовательский Томский политехнический университет (ТПУ)  |c (2009- )  |3 (RuTPU)RU\TPU\col\15902 
801 1 |a RU  |b 63413507  |c 20160405 
801 2 |a RU  |b 63413507  |c 20160418  |g RCR 
942 |c BK